000 02982cam a2200301 4500500
005 20251228074248.0
041 _afre
042 _adc
100 1 0 _aDepecker, Thomas
_eauthor
700 1 0 _aDéplaude, Marc-Olivier
_eauthor
245 0 0 _aLes Français et leur alimentation. Défendre l’intensification chimique des industries agroalimentaires dans la France des années 1970
260 _c2021.
500 _a37
520 _aEn 1978, un livre intitulé Les Français et leur alimentation paraît sous l’égide de la Fondation française pour la nutrition ( ffn), une organisation créée quatre années plus tôt par de grandes entreprises agroalimentaires. Comprenant une vingtaine d’entretiens avec des experts, cet ouvrage est une réponse aux critiques dénonçant à l’époque la multiplication des contaminants et additifs présents dans les aliments. S’appuyant sur des archives issues de la Fondation française pour la nutrition ( ffn), l’article montre que cette publication est caractéristique de nouvelles stratégies visant à faire accepter l’intensification chimique des industries agroalimentaires. Ces stratégies, toujours mobilisées aujourd’hui, se traduisent par une orientation vers le grand public (et pas seulement vers les pouvoirs publics), par la mobilisation des chercheurs et des universitaires, et par la création de formes organisationnelles nouvelles, présentées comme autonomes par rapport aux entreprises et orientées vers l’intérêt général.
520 _aIn 1978, a book entitled Les Français et leur alimentation (“The French and their food”) was published under the sponsorship of the Fondation française pour la nutrition ( ffn, The French Nutrition Foundation), an organization created four years earlier by major food companies. Including more than twenty interviews with experts, this book was a response to the growing criticism of the multiplication of contaminants and additives in foodstuffs. Drawing on archives from the ffn, the article shows that this publication is typical of new strategies aimed at gaining acceptance for the chemical intensification of agrifood industries. These strategies, which are still in use today, are reflected in an orientation towards several audiences (and not only towards public authorities), in the mobilization of scientists and academics, and in the setting up of new organizational forms, presented as autonomous from companies and oriented towards the general interest.
690 _aalimentation
690 _achimie
690 _afondations
690 _aindustries
690 _astratégies d’influence
690 _achemicals
690 _afood
690 _afoundations
690 _aindustries
690 _ainfluence strategies
786 0 _nSociologies pratiques | 41 | 2 | 2021-01-25 | p. 67-79 | 1235-9278
856 4 1 _uhttps://shs.cairn.info/revue-sociologies-pratiques-2020-2-page-67?lang=fr&redirect-ssocas=7080
999 _c1597342
_d1597342